Normal view
MARC view
- Paloma Sanllehi, David,
Entry Nombre Personal
001 - NUMERO DE CONTROL
- campo de control: 35878
003 - IDENTIFICADOR DE NUMERO DE CONTROL
- campo de control: UPN
005 - FECHA Y HORA DE LA ÜLTIMA TRANSACCIÓN
- campo de control: 20210219194508.0
008 - DATOS DE LONGITUD FIJA
- campo de control de longitud fija: nabaccnnaabn|||||||||| b |nc|||||d
035 ## - NUMERO DE CONTROL
- Número de control: UPN11000007985
040 ## - FUENTE DE CATALOGACIÓN
- Lenguaje de catalogación: SPA
- Agencia de transcripción: UPN
100 1# - ENCABEZAMIENTO - NOMBRE PERSONAL
- Nombre personal: Paloma Sanllehi, David,
- Fechas asociadas con el nombre: 1969-
400 1# - VEÁSE - NOMBRE DE PERSONA
- Personal name: Paloma, David,
- Dates associated with a name: 1969-
670 ## - FUENTE EN LA QUE SE LOCALIZARON DATOS
- Cita de la fuente: LC/P
680 ## - NOTA PUBLICA DE ACCESO PÚBLICO
- Frase explicativa de la referencia: Escritor español
902 ## - CATALOGADOR
- Catalogador: MCM/290914
